000 00193nam a22000977a 4500
082 _a823
_bUNK/N
100 _aUNKNOWN
245 _aNEEL'S FAVOURITE THINGS
650 _aEBGLISH STORY
942 _cBK
999 _c7738
_d7738